<?xml version="1.0" encoding="UTF-8"?>
<resp>
  <nextPage>https://data.bn.org.pl/api/networks/bibs.marcxml?marc=001+b0000080068749&amp;sinceId=80068750</nextPage>
  <collection>
    <record xmlns='http://www.loc.gov/MARC21/slim'><leader>00748nam a2200241 i 4500</leader><controlfield tag='001'>b0000080068749</controlfield><controlfield tag='005'>20241203214300.4</controlfield><controlfield tag='008'>210422s2020    ru      r     010 0 rus d</controlfield><controlfield tag='009'>9912892082905606</controlfield><datafield ind1=' ' ind2=' ' tag='035'><subfield code='a'>(PL)b0000080068749</subfield></datafield><datafield ind1=' ' ind2=' ' tag='035'><subfield code='a'>(Aleph)000047628EKS01</subfield></datafield><datafield ind1=' ' ind2=' ' tag='035'><subfield code='a'>990000476280107664-48omnis_network</subfield></datafield><datafield ind1=' ' ind2=' ' tag='040'><subfield code='a'>SGH</subfield><subfield code='c'>SGH</subfield><subfield code='d'>SGH</subfield></datafield><datafield ind1='0' ind2=' ' tag='041'><subfield code='a'>rus</subfield></datafield><datafield ind1='1' ind2=' ' tag='100'><subfield code='a'>Igonina, L.L.</subfield></datafield><datafield ind1=' ' ind2='0' tag='222'><subfield code='a'>Sbalansirovannost&apos; regional&apos;nyh bûdžetov :,</subfield><subfield code='b'>(podhody i ocenki.)</subfield></datafield><datafield ind1='1' ind2='0' tag='245'><subfield code='a'>Sbalansirovannost&apos; regional&apos;nyh bûdžetov :</subfield><subfield code='b'>podhody i ocenki.</subfield></datafield><datafield ind1=' ' ind2=' ' tag='380'><subfield code='a'>Artykuły</subfield></datafield><datafield ind1=' ' ind2=' ' tag='852'><subfield code='b'>48OMNIS_NETWORK</subfield><subfield code='8'>9912892082905606</subfield></datafield><datafield ind1=' ' ind2=' ' tag='852'><subfield code='b'>48OMNIS_WSE</subfield><subfield code='8'>990000476280107664</subfield></datafield></record>
  </collection>
</resp>
